SRIMAD BHAGAVADGITA VOLUME II (Record no. 21409)

MARC details
000 -LEADER
fixed length control field 00339nam a2200133Ia 4500
008 - FIXED-LENGTH DATA ELEMENTS--GENERAL INFORMATION
fixed length control field 240624s9999 xx 000 0 und d
041 ## - LANGUAGE CODE
Language code of text/sound track or separate title eng
082 ## - DEWEY DECIMAL CLASSIFICATION NUMBER
Classification number 200 RAM
100 ## - MAIN ENTRY--PERSONAL NAME
Personal name RAMSUKHDAS SWAMI
245 ## - TITLE STATEMENT
Title SRIMAD BHAGAVADGITA VOLUME II
260 ## - PUBLICATION, DISTRIBUTION, ETC.
Date of publication, distribution, etc. 2010
Place of publication, distribution, etc. Gorakhpur
Name of publisher, distributor, etc. Gita Press
300 ## - PHYSICAL DESCRIPTION
Extent viii, : 2114 : p. : cm. ; 20
365 ## - TRADE PRICE
Currency code RS
Holdings
Withdrawn status Lost status Damaged status Not for loan Home library Current library Shelving location Date acquired Source of acquisition Cost, normal purchase price Full call number Barcode Date last seen Copy number Price effective from Koha item type
        IMTN IMTN Rack 4-A 06/04/2013 WBD 70.00 200 RAM 21409 06/24/2024 1 06/24/2024 Books
Designed & Maintained by: LRC IMT Nagpur Contact: lrc@imtnag.ac.in© 2024. All Rights Reserved.